| 000 | 00579nam a2200193Ia 4500 | ||
|---|---|---|---|
| 003 | GCL | ||
| 008 | 140319s9999 xx 000 0 ara d | ||
| 040 |
_aGCL / _cGCL |
||
| 082 | 0 | 4 |
_a371.95 _bز ت |
| 100 | 1 | _aزيدان نجيب حواشين | |
| 245 | 1 | 0 |
_aتعليم الاطفال الموهوبين / _cزيدان نجيب حواشين |
| 700 | 1 | _aمفيد نجيب حواشين | |
| 300 | _a125 ص | ||
| 490 |
_aكتاب _v0 |
||
| 650 | 0 | 4 | _aالموهبة |
| 650 | 0 | 4 | _aالاطفال الموهوبون |
| 650 | 0 | 4 | _aالاطفال - علم نفس |
| 942 |
_2ddc _cBK |
||
| 999 |
_c41622 _d41622 |
||